000 00491nam a2200181Ia 4500
005 20250923144739.0
008 008 250917s9999 xx 000 0 eng d
037 _aTextual
040 _aDSWL
_beng
_cDSWL
041 _aeng
_2eng
084 _qDSWL
100 _aRuud, Jorgen
_9828000
245 0 _aTaboo : Study of melagasy custom and belief
_cby Jorgen Ruud
260 _aOslo
_bOsloVly Press
_c1960
300 _a326p.
942 _cTEXL
999 _c1442827
_d1442827